000 01351nam a2200229Ia 4500
003 Ost
005 20260507074910.0
008 260507s9999||||xx |||||||||||||| ||und||
020 _a978995711695
040 _cfsecg
041 _aara
082 _a338.9
100 _aالقريشي، مدحت
_eمؤلف
245 0 _aالتنمية الإقتصادية :
_bنظريات وسياسات وموضوعات /
_c مدحت القريشي
260 _aعمان:
_bدار وائل للنشر والتوزيع,
_c2007
300 _a308 صفحة؛
_bإيضاحات ؛
_c24 سم
504 _aببليوغرافيا: ص.295
520 _aالتخلف الأقتصادي معاييره وسماته، النظريات المفسرة للتخلف الإقتصادي، نظريات النمو الإقتصادي، نظريات التنمية الإقتصادية، التنمية الإقتصادية ابعادها ومستلزماتها، عقبات في طريق التنمية، استراتيجيات التنمية الإقتصادية، تمويل التنمية، سياسات التنمية الإقتصادية، توزيع الموارد الإقتصادية، موضوعات خاصة في التنمية الإقتصادية
653 _aالتخلف الإقتصادي
653 _aالتنمية الإقتصادية
942 _cكتاب
999 _c41731
_d41731